[Event "BUL-chT2 64th"]
[Site "Sunny Beach"]
[Date "2015.06.06"]
[Round "7.3"]
[White "Ninov, Dayan"]
[Black "Iliev, Vasil"]
[Result "1/2-1/2"]
[WhiteElo "2142"]
[BlackElo "2117"]
[PlyCount "116"]
[EventDate "2015.05.31"]
[EventType "team-swiss"]
[EventRounds "7"]
[EventCountry "BUL"]
[SourceTitle "CBM 166 Extra"]
[Source "ChessBase"]
[SourceDate "2015.06.18"]
[SourceVersion "1"]
[SourceVersionDate "2015.06.18"]
[SourceQuality "1"]
[WhiteTeam "Vratsa"]
[BlackTeam "Sofia CSKA"]
[WhiteTeamCountry "BUL"]
[BlackTeamCountry "BUL"]

1. Nf3 d5 2. c4 e6 3. Nc3 Nf6 4. d4 c5 5. cxd5 exd5 6. g3 Nc6 7. Bg2 Be7 8. 0-0 0-0 9. dxc5 Bxc5 10. Na4 Be7 11. Be3 Re8 12. Rc1 Be6 13. Nc5 Bxc5 14. Bxc5 Ne4 15. Nd4 Ne5 16. Nxe6 Rxe6 17. Bxe4 dxe4 18. Qxd8+ Rxd8 19. Bxa7 Ra6 20. Rfd1 Rxd1+ 21. Rxd1 f6 22. Bd4 Rd6 23. Kf1 Nc6 24. e3 Nb4 25. Rc1 Rd7 26. a4 Kf7 27. Rc4 Nc6 28. Bc3 f5 29. Rc5 Ke6 30. Rb5 g6 31. Ke2 Ne7 32. Rb6+ Kd5 33. Rf6 Nc6 34. h4 Ne5 35. h5 Ng4 36. Rf8 Kc6 37. Rc8+ Rc7 38. hxg6 Rxc8 39. gxh7 Kd5 40. h8Q Rxh8 41. Bxh8 Nh2 42. Bc3 Kc4 43. a5 Kb3 44. Be5 Kb4 45. Bc7 Kb3 46. Be5 Kb4 47. g4 Nxg4 48. Bc3+ Kb3 49. f3 Nh2 50. Kf2 Nxf3 51. Kg3 Kc4 52. Kf4 Nh4 53. Kg5 Ng2 54. Kxf5 Nxe3+ 55. Kxe4 Nd1 56. Bf6 Kb5 57. b3 Kxa5 58. Kd3 Kb4 1/2-1/2

[Event "BUL-chT2 64th"]
[Site "Sunny Beach"]
[Date "2015.06.02"]
[Round "3.3"]
[White "Mladenov, Emil"]
[Black "Iliev, Vasil"]
[Result "1-0"]
[WhiteElo "2095"]
[BlackElo "2117"]
[PlyCount "108"]
[EventDate "2015.05.31"]
[EventType "team-swiss"]
[EventRounds "7"]
[EventCountry "BUL"]
[SourceTitle "CBM 166 Extra"]
[Source "ChessBase"]
[SourceDate "2015.06.18"]
[SourceVersion "1"]
[SourceVersionDate "2015.06.18"]
[SourceQuality "1"]
[WhiteTeam "Slivnitsa Geroy"]
[BlackTeam "Sofia CSKA"]
[WhiteTeamCountry "BUL"]
[BlackTeamCountry "BUL"]

1. g3 e5 2. Bg2 Nf6 3. e4 c6 4. d4 exd4 5. Qxd4 Qb6 6. Be3 Qxd4 7. Bxd4 d6 8. Nd2 Be7 9. 0-0-0 Be6 10. f4 0-0 11. h3 c5 12. e5 dxe5 13. Bxb7 Bd5 14. Bxd5 Nxd5 15. Bxe5 Nc6 16. Nc4 Nb6 17. Nxb6 axb6 18. Kb1 Nxe5 19. fxe5 Rfd8 20. Nf3 Kf8 21. c3 Ke8 22. Nd2 b5 23. Ne4 Ra6 24. Rxd8+ Kxd8 25. Rd1+ Kc7 26. Rf1 f6 27. exf6 gxf6 28. g4 Re6 29. Ng3 Bd6 30. Nf5 Be5 31. Rf3 Re8 32. Ne3 Kd6 33. c4 bxc4 34. Nxc4+ Kd5 35. b3 h5 36. Kc2 hxg4 37. hxg4 Rg8 38. Kd3 Bd4 39. Rf5+ Ke6 40. Rf4 Ra8 41. Re4+ Kf7 42. Nd6+ Kg6 43. a4 Rb8 44. Nb5 Kg5 45. Kc4 Be5 46. Kxc5 Bf4 47. a5 Kxg4 48. a6 f5 49. Re7 Bg5 50. Rg7 f4 51. a7 Rc8+ 52. Kb6 f3 53. Nd6 f2 54. Rxg5+ Kxg5 1-0

[Event "BUL-chT GpB 63rd"]
[Site "Sunny Beach"]
[Date "2013.09.24"]
[Round "8.6"]
[White "Petrov, Valeri"]
[Black "Iliev, Vasil"]
[Result "0-1"]
[WhiteElo "1980"]
[BlackElo "2107"]
[PlyCount "58"]
[EventDate "2013.09.19"]
[EventType "team-tourn"]
[EventRounds "9"]
[EventCountry "BUL"]
[SourceTitle "CBM 156 Extra"]
[Source "ChessBase"]
[SourceDate "2013.10.22"]
[SourceVersion "1"]
[SourceVersionDate "2013.10.22"]
[SourceQuality "1"]
[WhiteTeam "Slivnitsa Geroy"]
[BlackTeam "Sofia CSKA"]
[WhiteTeamCountry "BUL"]
[BlackTeamCountry "BUL"]

1. e4 e5 2. Nf3 Nc6 3. Bb5 a6 4. Bxc6 dxc6 5. h3 Bc5 6. c3 Qd3 7. Qe2 Qxe2+ 8. Kxe2 f6 9. d4 Bd6 10. Be3 Be6 11. Nbd2 Ne7 12. dxe5 fxe5 13. c4 c5 14. b4 b6 15. bxc5 bxc5 16. Rhc1 Nc6 17. Ng5 Bd7 18. Nb3 Nd4+ 19. Bxd4 cxd4 20. c5 Bb5+ 21. Kd2 Be7 22. Ne6 Kd7 23. a4 Bc6 24. Na5 Bxe4 25. Re1 Bxg2 26. Rxe5 Bf6 27. Ree1 Bxh3 28. c6+ Kd6 29. Nb7+ Kxc6 0-1

[Event "Sofia CSKA sf"]
[Site "Sofia"]
[Date "2010.03.14"]
[Round "5"]
[White "Iliev, Vasil"]
[Black "Krustev, Goran"]
[Result "1/2-1/2"]
[WhiteElo "2123"]
[BlackElo "1996"]
[PlyCount "31"]
[EventDate "2010.03.13"]
[EventType "swiss"]
[EventRounds "6"]
[EventCountry "BUL"]
[SourceTitle "CBM 135 Extra"]
[Source "ChessBase"]
[SourceDate "2010.05.04"]
[SourceVersion "1"]
[SourceVersionDate "2010.05.04"]
[SourceQuality "1"]

1. e4 e6 2. d4 d5 3. exd5 exd5 4. Nf3 Nf6 5. Bd3 Be7 6. 0-0 0-0 7. Bg5 h6 8. Bh4 Be6 9. Ne5 Nbd7 10. Nxd7 Qxd7 11. Nc3 Ne4 12. Nxe4 Bxh4 13. Nc5 Qc6 14. Nxe6 Qxe6 15. Qe2 Qxe2 16. Bxe2 1/2-1/2

[Event "Sofia CSKA sf"]
[Site "Sofia"]
[Date "2010.03.14"]
[Round "4"]
[White "Ivanov, Stojan Emilov"]
[Black "Iliev, Vasil"]
[Result "1-0"]
[WhiteElo "2261"]
[BlackElo "2123"]
[PlyCount "95"]
[EventDate "2010.03.13"]
[EventType "swiss"]
[EventRounds "6"]
[EventCountry "BUL"]
[SourceTitle "CBM 135 Extra"]
[Source "ChessBase"]
[SourceDate "2010.05.04"]
[SourceVersion "1"]
[SourceVersionDate "2010.05.04"]
[SourceQuality "1"]

1. d4 d5 2. Bf4 e6 3. e3 c5 4. c3 Nc6 5. Nf3 Qb6 6. Qb3 Nf6 7. Nbd2 Be7 8. Be2 0-0 9. 0-0 Bd7 10. h3 Rac8 11. Rfe1 Na5 12. Qxb6 axb6 13. Ne5 Be8 14. Bd3 Nc6 15. Rad1 Nxe5 16. dxe5 Nd7 17. e4 c4 18. Bc2 Nc5 19. exd5 exd5 20. Nf3 Bc6 21. Nd4 Ne6 22. Be3 Nxd4 23. Bxd4 Bc5 24. g4 Rfe8 25. Kg2 Rc7 26. Kg3 Rce7 27. f4 Bxd4 28. cxd4 Ra8 29. Bb1 b5 30. f5 b4 31. g5 Ree8 32. Kf4 b5 33. Rc1 Rac8 34. Re3 Bb7 35. f6 Rc6 36. h4 Bc8 37. a3 bxa3 38. Rxa3 Be6 39. Ra7 Rb8 40. Bf5 b4 41. Bxe6 fxe6 42. Rxg7+ Kh8 43. Ra1 Rg8 44. Rb7 c3 45. bxc3 bxc3 46. Raa7 Rg6 47. Rxh7+ Kg8 48. f7+ 1-0

[Event "Sofia Hemus op 46th"]
[Site "Sofia"]
[Date "2009.07.19"]
[Round "4"]
[White "Iliev, Vasil"]
[Black "Toshev, Vladimir"]
[Result "0-1"]
[WhiteElo "2137"]
[BlackElo "1878"]
[PlyCount "83"]
[EventDate "2009.07.18"]
[EventType "swiss"]
[EventRounds "6"]
[EventCountry "BUL"]
[SourceTitle "CBM 131 Extra"]
[Source "ChessBase"]
[SourceDate "2009.09.03"]
[SourceVersion "2"]
[SourceVersionDate "2009.09.16"]
[SourceQuality "1"]

1. e4 e5 2. Nf3 Nc6 3. Nc3 Nf6 4. Bb5 Nd4 5. Nxd4 exd4 6. e5 dxc3 7. exf6 Qxf6 8. dxc3 Qe5+ 9. Be2 Bc5 10. 0-0 0-0 11. Bf3 c6 12. Re1 Qf6 13. Be3 Bxe3 14. Rxe3 d5 15. Qe2 Be6 16. Re1 Rad8 17. g3 d4 18. cxd4 Rxd4 19. c3 Rd6 20. Rd1 Rfd8 21. Rxd6 Rxd6 22. Bg4 h6 23. Bxe6 Rxe6 24. Rxe6 fxe6 25. Qe3 b6 26. Qe4 e5 27. Qa4 Qd6 28. Qc2 Qd5 29. b3 e4 30. Qe2 Kf7 31. Qe3 g5 32. c4 Qe5 33. Qd2 Ke7 34. Kg2 c5 35. Qe2 Kd6 36. Qh5 Qe6 37. Qd1+ Kc7 38. Qa1 Kb7 39. Qc3 a5 40. Kg1 Qd6 41. Qg7+ Kc6 42. Qc3 0-1

[Event "BUL-chT2"]
[Site "Sunny Beach"]
[Date "2009.06.08"]
[Round "1.4"]
[White "Iliev, Vasil"]
[Black "Slavov, Dimitar"]
[Result "1-0"]
[WhiteElo "2108"]
[BlackElo "2236"]
[PlyCount "41"]
[EventDate "2009.06.08"]
[EventType "team-swiss"]
[EventRounds "7"]
[EventCountry "BUL"]
[SourceTitle "CBM 130 Extra"]
[Source "ChessBase"]
[SourceDate "2009.07.02"]
[SourceVersion "2"]
[SourceVersionDate "2009.07.15"]
[SourceQuality "1"]

1. e4 c6 2. d4 d5 3. exd5 cxd5 4. c4 Nf6 5. Nc3 g6 6. cxd5 Bg7 7. Qb3 0-0 8. Be2 b6 9. Bf3 Bb7 10. Nge2 Na6 11. 0-0 Qd7 12. Bg5 Nc7 13. Bxf6 Bxf6 14. Rad1 Rab8 15. Rfe1 Rfd8 16. Nf4 g5 17. Nh5 Bxd5 18. Nxf6+ exf6 19. Nxd5 Nxd5 20. Bxd5 Qxd5 21. Re8+ 1-0